| 000 | 02004nam0a2200397 4500 | ||
|---|---|---|---|
| 001 | RU\NLR\BIBL_A\012515131 | ||
| 005 | 20260607030506.0 | ||
| 010 |
_a978-5-9704-6092-4 _91500 |
||
| 021 |
_aRU _bКН-П-20-085516 _9КН-П-20-6508 |
||
| 035 | _a(NLR Aleph) 012515131 | ||
| 035 | _a(RuMoRGB)010531136 | ||
| 090 |
_a12299803 _c12299803 |
||
| 100 | _a20210511d2021 k y0rusy50 ca | ||
| 101 | 0 | _arus | |
| 102 | _aRU | ||
| 105 | _aac||j|||001zy | ||
| 181 | 0 |
_ai _baxxe |
|
| 182 | 0 | _an | |
| 200 | 1 |
_aКардиология _eнациональное руководство _fРоссийское кардиологическое общество _g[Акчурин Ренат Сулейманович - д-р мед. наук, профессор, академик РАН и др.] _gпод редакцией академика РАН Е.В. Шляхто |
|
| 203 |
_aТекст _bвизуальный _cнепосредственный |
||
| 205 | _a2-е изд., перераб. и доп. | ||
| 210 |
_aМосква _cГЭОТАР-Медиа _d2021 [т.е. 2020] |
||
| 215 |
_a796, [4] с., [24] л. ил., цв. ил. _cил., портр., табл. _d30 |
||
| 225 | 1 | _aНациональные руководства | |
| 300 | _aФактическая дата выхода в свет - 2020 | ||
| 320 | _aПредм. указ.: с. 787-796 | ||
| 320 | _aБиблиогр. в конце гл. | ||
| 606 | 1 |
_aКардиология _jРуководства, пособия и т.п _9936281 _3RU\NLR\AUTH\6627041 |
|
| 686 | 1 | _aР410я77 | |
| 702 | 1 |
_4220 _8rus _7ca _aАкчурин _bР. С. _f1946- _gРенат Сулейманович _3RU\NLR\AUTH\7717683 _9769 |
|
| 702 | 1 |
_aШляхто _bЕ. В. _f1954- _gЕвгений Владимирович _4340 |
|
| 712 | 0 | 2 |
_4570 _aРоссийское кардиологическое общество _9348969 _3RU\NLR\AUTH\8810231968 |
| 942 | _cBOOK | ||
| 980 | _aNB | ||